| 000 | 00999pam a2200289 a 4500 | ||
|---|---|---|---|
| 001 | 015175944 | ||
| 003 | OSt | ||
| 005 | 20141113144348.0 | ||
| 008 | 090430s2009 xxkad frb 001 0 eng d | ||
| 020 | _a9781905641840 (pbk.) | ||
| 020 | _a1905641842 (pbk.) | ||
| 040 |
_aStDuBDS _beng _cStDuBDS _dUk _dEG-ScBUE |
||
| 082 | 0 | 0 |
_a332.645 _222 _bPRY |
| 100 | 1 |
_aPryor, Malcolm _936529 |
|
| 245 | 1 | 0 |
_a7 charting tools for spread betting : _ba practical guide to making money from spread betting with technical analysis / _cby Malcolm Pryor. |
| 246 | 3 | _aSeven charting tools for spread betting | |
| 260 |
_aPetersfield, United Kingdom : _bHarriman House, _c2009. |
||
| 300 |
_axiii, 158 p. : _bcharts, tables ; _c25 cm. |
||
| 500 | _aIncludes appendixes. | ||
| 500 | _aIndex : p. 147-158. | ||
| 504 | _aBibliography : p. 143-145. | ||
| 650 | 0 |
_aSpeculation _935036 |
|
| 650 | 0 |
_aInvestments _99026 |
|
| 653 |
_bBUSADM _cNovember2014 |
||
| 655 |
_vreading book _934232 |
||
| 942 |
_2ddc _k332.645 PRY |
||
| 999 |
_c18615 _d18587 |
||